书目信息 |
| 题名: |
索尼VCD激光影碟机实用维修手册(第二册)
|
|
| 作者: | 刘建章 编 | |
| 分册: | ||
| 出版信息: | 北京 人民邮电出版社 1997.03 |
|
| 页数: | 508页 | |
| 开本: | 16开 | |
| 丛书名: | ||
| 单 册: | ||
| 中图分类: | TN946.5 | |
| 科图分类: | ||
| 主题词: | 录象系统 | |
| 电子资源: | ||
| ISBN: | 7-115-06420-2 | |
| 000 | 00611nam0 2200193 45 | |
| 001 | 0004241581 | |
| 005 | 20000424154421.0 | |
| 010 | @a7-115-06420-2@d108.00元 | |
| 100 | @a20000424d1997 km y0chiy0120 ea | |
| 101 | @achi | |
| 105 | @a z 000yy | |
| 200 | 1 | @a索尼VCD激光影碟机实用维修手册(第二册)@ASuo Ni VCD Ji Guang Ying Die Ji Shi Yong Wei Xiu Shou Ce(Di Er Ce)@f刘建章编@FLiu Jian Zhang Bian |
| 210 | @a北京@c人民邮电出版社@d1997.03 | |
| 215 | @a508页@d16开 | |
| 606 | 0 | @a录象系统 |
| 690 | @aTN946.5@v3 | |
| 701 | @a刘建章@4编 | |
| 801 | @aCN@bPftUser@c20000424 | |
| 905 | @f1@b53529@dTN946.5@eL941/2 | |
| 索尼VCD激光影碟机实用维修手册(第二册)/刘建章编.-北京:人民邮电出版社,1997.03 |
| 508页;16开 |
| ISBN 7-115-06420-2:108.00元 |
| ● |
| 相关链接 |
|
|
|
正题名:索尼VCD激光影碟机实用维修手册(第二册)
索取号:TN946.5/L941/2
 
预约/预借
| 序号 | 登录号 | 条形码 | 馆藏地/架位号 | 状态 | 备注 |
| 1 | 53529 | 200535297 | 自科二线404/301自科库 100排1列3层/ [索取号:TN946.5/L941/2] | 在馆 |